Statystyki dla Zwycięzcy konkursów w sezonie 2002/2003 w skokach narciarskich

Kliknij tutaj aby rozwiązać quiz!

Ogólne statystyki

  • Ten quiz został rozwiązany 29 razy
  • Średni wynik to 7 z 14

Statystyki odpowiedzi

Liczba
zwycięstw
Skoczek/zawodnik% Poprawnych
3Adam Małysz
100%
2Janne Ahonen
88%
6Sven Hannawald
73%
1Noriaki Kasai
69%
2Primož Peterka
62%
1Roar Ljøkelsøy
62%
2Matti Hautamäki
54%
1Bjørn Einar Romøren
42%
1Thomas Morgenstern
42%
2Sigurd Pettersen
38%
1Andreas Widhölzl
31%
1Florian Liegl
31%
3Martin Höllwarth
31%
1Christian Nagiller
19%

Rozkład punktacji

Percentyl według liczby udzielonych odpowiedzi

Procent ludzi z każdym wynikiem

Twoja historia wyników

Nie rozwiązałeś tego quizu